'B' Literary Characters Quiz Stats

 Plays Quiz Updated Nov 7, 2015

Challenge
Share
Tweet
Embed
Score 0/20 Timer 05:00
2 Plays Today
% Correct
Tolkien, J. R. R.
90.5%
Dickens, Charles
84%
Lee, Harper
81.1%
Orwell, George
80.8%
Kipling, Rudyard
79%
Meyer, Stephenie
76%
Alcott, Louisa May
74.9%
Fielding, Helen
63.9%
Morrison, Toni
62.6%
Shakespeare, William
61.3%
% Correct
Sewell, Anna
58%
London, Jack
47.7%
Wodehouse, P. G.
45%
Vonnegut, Kurt
41.2%
Seuss, Dr.
37.4%
Melville, Herman
35.9%
Thackeray, William Makepeace
34.6%
Huxley, Aldous
31.5%
Adams, Richard
28.4%
Howe, James
22.9%

You're not logged in!

Compare scores with friends on all Sporcle quizzes.
Join for Free
OR
Log In

You Might Also Like...

Show Comments

Extras

Top Quizzes Today


Score Distribution

Your Account Isn't Verified!

In order to create a playlist on Sporcle, you need to verify the email address you used during registration. Go to your Sporcle Settings to finish the process.

Report this User

Report this user for behavior that violates our Community Guidelines.

Details: